000 00657nam a22002177a 4500
003 UA-OsUOA
001 90684
007 ta
008 20121119b un ||||| |||| 00| 0 ukr d
100 _aНехода І.
090 _a821.161.2
_bН58
942 _cBK
040 _aUA-OsUOA
_cUA-OsUOA
_dUA-OsUOA
245 _aХто сіе вітер
_bповість про народне горе, народний гнів і народну доблесть
300 _a446 с.
955 _a3
080 _a821.161.2
260 _aК.
_bМолодь
_c1959
650 7 _a82 Література. Літературознавство
_2UDC
999 _c376960
_d376960